000 00581cam a22002291 4500
001 sa 68007553
003 DLC
005 20260227112523.0
008 900207s1967 ii 000 0 hino
010 _asa 68007553
035 _a(OCoLC)21014817
040 _aDLC
_cWaU
_dDLC
042 _apremarc
050 0 0 _aPK2033
_b.M23
100 1 _aMachwe, Prabhakar Balvant,
_d1917-
245 1 0 _aBhārata aura Eśiyā kā sāhitya.
260 _c[1967]
300 _a2, 8, 277 p.
_c23 cm.
500 _aIn Hindi.
650 0 _aIndic literature.
650 0 _aOriental literature.
999 _c81890
_d81890